• 首页
  • 本馆介绍
  • 公告通知
  • 最新文献
  • 馆藏检索
  • 电子资源
  • 读者导购
  • 参考咨询
  • 我的图书馆
  • 登录
  • 详细信息显示
  • 放入我的书架
  • 预约/预借图书
  • 作者相关作品
  • 分类相关作品
  • 丛书相关作品
  • 出版社相关作品

书目信息

  • 表格格式
  • 工作单格式
  • 卡片格式
题名:
蒲汇塘
    
 
作者: 吴玉林 主编 ;梁砾元 插图绘制 ;中国人民政治协商会议 编
分册:  
出版信息: 上海   上海书店出版社  2018
页数: 359页
开本: 24cm
丛书名: “发现闵行之美”闵行区政协文史丛书
单 册:
中图分类: K928.42 , K928.42
科图分类:
主题词: 河流--he liu--介绍--闵行区
电子资源:
ISBN: 978-7-5458-1753-9
000 01587nam 2200313 450
001 012001005977
005 20131015090048.0
010    @a978-7-5458-1753-9@dCNY64.00
099    @aCAL 012019034259
100    @a20190118d2018 em y0chiy50 ea
101 0  @achi
102    @aCN@b310000
105    @aabc z 000yy
106    @ar
200 1  @a蒲汇塘@Apu hui tang@f吴玉林主编
210    @a上海@c上海书店出版社@d2018
215    @a359页@c图, 地图, 肖像@d24cm
225 2  @a“发现闵行之美”闵行区政协文史丛书@A“fa xian min xing zhi mei ”min xing qu zheng xie wen shi cong shu@i故土之韵辑
314    @a版权页题: 插图绘制梁砾元; 闵行区政协学习和文史委员会编
330    @a本书为“发现闵行之美”闵行区政协文史丛书之一, 由闵行区政协学习和文史委员会编。闵行堪称海派文化的发祥之地, 拥有丰厚的历史文化底蕴。全书叙述了上海闵行蒲汇塘的起源、形成, 包括从松江起, 经闵行, 到徐汇止, 一系列的人文故事、变迁过程、建筑特色等。全书分人、事、物三部分展开叙述, 重点叙述了七宝地区, 如当地相传的七件宝物、蒲汇塘桥、老字号店铺、各式当地风味食品等。该书是一部呈现传统文化的知识读物, 颇具可读性和资料价值。
410  0 @12001 @a“发现闵行之美”闵行区政协文史丛书@i故土之韵辑
606 0  @a河流@Ahe liu@x介绍@y闵行区
690    @aK928.42@v4
690    @aK928.42@v5
701  0 @a吴玉林@Awu yu lin@4主编
702  0 @a梁砾元@Aliang li yuan@4插图绘制
712 02 @a中国人民政治协商会议@Azhong guo ren min zheng zhi xie shang hui yi@b闵行区委员会@Bmin xing qu wei yuan hui@b学习和文史委员会@Bxue xi he wen shi wei yuan hui@4编
801  0 @aCN@b上海新华@c20191020
905    @b1098294-8@dK928.42@e1146@f5
    
    蒲汇塘/吴玉林主编.-上海:上海书店出版社,2018
    359页:图, 地图, 肖像;24cm.-(“发现闵行之美”闵行区政协文史丛书.故土之韵辑)
    
    
    ISBN 978-7-5458-1753-9:CNY64.00
    本书为“发现闵行之美”闵行区政协文史丛书之一, 由闵行区政协学习和文史委员会编。闵行堪称海派文化的发祥之地, 拥有丰厚的历史文化底蕴。全书叙述了上海闵行蒲汇塘的起源、形成, 包括从松江起, 经闵行, 到徐汇止, 一系列的人文故事、变迁过程、建筑特色等。全书分人、事、物三部分展开叙述, 重点叙述了七宝地区, 如当地相传的七件宝物、蒲汇塘桥、老字号店铺、各式当地风味食品等。该书是一部呈现传统文化的知识读物, 颇具可读性和资料价值。
●
相关链接 在E读中查询图书 在五车中查询图书 在当当中查询图书 在豆瓣中查询图书


正题名:蒲汇塘     索取号:K928.42/1146         预约/预借

序号 登录号 条形码 馆藏地/架位号 状态 备注
1 1098294   210982944   第二样本阅览室/ [索取号:K928.42/1146] 在馆    
2 1098295   210982953   第二借阅区/ [索取号:K928.42/1146] 在馆    
3 1098296   210982962   第二借阅区/ [索取号:K928.42/1146] 在馆    
4 1098297   210982971   第二借阅区/ [索取号:K928.42/1146] 在馆    
5 1098298   210982980   第二借阅区/ [索取号:K928.42/1146] 在馆    
唐山师范学院图书馆 欢迎您!
大连网信软件有限公司© 版权所有